Werenoi - Pyramide (album) - Statistiques

Statistiques générales
  • Ce quiz a été pris 316 fois
  • Le résultat moyen est 10 sur 17
Statistiques - réponses
Réponse % Correct
Pyramide
94%
Maudit
72%
Dans un verre
66%
Chaleur
64%
Faf
64%
FBI
64%
Téléphérique
63%
Intro morphée
62%
Location
62%
Animal
59%
Chemin de diamant
55%
Casse bélier
54%
Je suis en moto
53%
Témoin
50%
Picasso
47%
16.02.2024
46%
Vie de star
35%
Aucun quiz correspondant
Distribution des résultats
% des personnes avec chaque résultat
Percentile par nombre de réponses
Votre historique - résultats
Vous n’avez pas pris ce quiz